000 00262nam a22001217a 4500
082 _a100
_bBYR/S
100 _aBYRNE,RHONDA
245 _aSECRET THE POWER
260 _aUK
_bSIMON & SCHUSTER
300 _a250
650 _aPERSONALITY DEVELOPMENT
_zUK
942 _cBK
999 _c5016
_d5016